Tim McGraw - Taylor Swift (All Lyrics) - Statistics

General Stats
  • This quiz has been taken 366 times
  • The average score is 286 of 344
Answer Stats
Answer % Correct
I
98%
a
97%
my
96%
when
96%
When
96%
you
96%
of
95%
that
95%
That
95%
the
95%
The
95%
then
95%
think
95%
Think
95%
Tim
95%
He
94%
hope
94%
McGraw
94%
to
94%
To
94%
night
93%
blue
92%
On
92%
on
92%
song
90%
we
89%
all
88%
And
88%
and
88%
favorite
88%
me
88%
your
88%
dress
87%
little
87%
long
87%
said
87%
eyes
86%
danced
85%
black
84%
one
84%
happiness
83%
way
83%
in
82%
jeans
81%
That's
81%
those
81%
Georgia
80%
head
80%
lie
80%
stars
80%
chest
79%
shame
79%
shined
79%
Put
78%
back
77%
faded
77%
old
77%
summer
75%
Just
74%
truck
74%
like
72%
had
71%
boy
69%
But
69%
Chevy
69%
there
69%
time
69%
at
68%
gettin
68%
it
67%
lake
67%
stuck
66%
tendency
66%
Is
65%
is
65%
was
65%
moon
64%
gone
63%
find
61%
letter
61%
never
61%
read
61%
spotlight
61%
for
60%
see
60%
up
60%
him
59%
I'm
59%
first
58%
here
58%
right
58%
Oh
57%
you'll
57%
backroads
56%
It's
55%
it's
55%
beside
54%
woke
54%
bed
53%
not
53%
saw
53%
September
53%
summers
53%
thing
53%
three
53%
weren't
53%
box
52%
radio
52%
there's
52%
God
51%
since
51%
tears
51%
thankin
51%
beneath
50%
bittersweet
50%
month
50%
takes
50%
From
49%
hard
49%
standin
48%
turn
48%
street
47%
doorstep
46%
left
46%
place
46%
believe
45%
lookin
42%
nice
40%
Someday
37%
No matching quizzes found
Score Distribution
Percent of People with Each Score
Percentile by Number Answered
Your Score History
You have not taken this quiz